Statistics for British Groups of Things

Click here to take the quiz!

General Stats

  • This quiz has been taken 75,726 times
    (42,484 since last reset)
  • The average score is 35 of 56

Answer Stats

GroupAnswer% Correct
CountriesEngland
98%
CountriesScotland
98%
CountriesWales
98%
CapitalsLondon
97%
CountriesNorthern Ireland
95%
Beatles MembersJohn Lennon
91%
CapitalsEdinburgh
90%
Beatles MembersPaul McCartney
87%
Beatles MembersRingo Starr
87%
CapitalsCardiff
83%
Children of Queen Elizabeth IICharles
83%
CapitalsBelfast
82%
Big Three Political PartiesConservative
79%
Big Three Political PartiesLabour
78%
Football Teams with Multiple Premier League ChampionshipsManchester United
77%
Spice GirlsPosh
74%
James Bond ActorsDaniel Craig
73%
Beatles MembersGeorge Harrison
72%
Original X Factor JudgesSimon Cowell
72%
James Bond ActorsSean Connery
71%
Spice GirlsSporty
68%
Tudor MonarchsElizabeth
66%
Football Teams with Multiple Premier League ChampionshipsArsenal
65%
Football Teams with Multiple Premier League ChampionshipsChelsea
65%
Children of Queen Elizabeth IIEdward
65%
Spice GirlsGinger
64%
Children of Queen Elizabeth IIAnne
63%
Spice GirlsBaby
63%
Largest Channel IslandsJersey
63%
Monopoly Railway StationsLiverpool Street
62%
Football Teams with Multiple Premier League ChampionshipsManchester City
62%
Spice GirlsScary
62%
James Bond ActorsPierce Brosnan
61%
Largest Channel IslandsGuernsey
59%
Tudor MonarchsHenry VIII
59%
Children of Queen Elizabeth IIAndrew
58%
Tudor MonarchsMary
58%
Tudor MonarchsHenry VII
57%
James Bond ActorsRoger Moore
54%
"Top Gear" stars (2003-2015)Jeremy Clarkson
52%
"Top Gear" stars (2003-2015)James May
46%
"Top Gear" stars (2003-2015)Richard Hammond
46%
Big Four BanksLloyds
43%
Big Four BanksBarclays
41%
Big Four BanksHSBC
40%
James Bond ActorsTimothy Dalton
40%
Monopoly Railway StationsKing's Cross
38%
"Top Gear" stars (2003-2015)The Stig
35%
Original X Factor JudgesSharon Osbourne
34%
James Bond ActorsGeorge Lazenby
33%
Original X Factor JudgesLouis Walsh
32%
Tudor MonarchsEdward VI
31%
Big Four BanksRoyal Bank of Scotland
31%
Monopoly Railway StationsMarylebone
22%
Monopoly Railway StationsFenchurch Street
21%
Largest Channel IslandsAlderney
17%

Score Distribution

Percentile by Number Answered

Percent of People with Each Score

Your Score History

You have not taken this quiz since the last reset